| 000 | 00540nab a2200181 4500 | ||
|---|---|---|---|
| 001 | 238538 | ||
| 003 | OSt | ||
| 005 | 20230601133640.0 | ||
| 007 | tu | ||
| 008 | 180201s2018||||||| | ||
| 040 |
_aDE-2950 _cDE-2950 |
||
| 245 | 0 | 0 |
_a"Wir sind in der Hölle". _bHistorischer Dubstep zur Erinnerung an das Außenlager Lieberose./ _cSusanne Noack |
| 264 | _c2022 | ||
| 653 | _aLieberose | ||
| 653 | _aKonzentrationslager / Außenlager des KZ Sachsenhausen | ||
| 773 | 0 |
_gOktober/ November, 01.10. - 30.11.2022, S. 9 _tGemeindebrief |
|
| 942 |
_2z _cA |
||
| 999 |
_c372495 _d372495 |
||